000 00464nam a2200169Ia 4500
008 090711s9999 xx 000 0 und d
082 _b23203
100 _aशहा सुरेखा
245 _aSाक्रव्युह
260 _c1966
300 _a155
600 _aशहा सुरेखा
630 _aSाक्रव्युह
700 _aशहा सुरेखा
730 _aSाक्रव्युह
942 _cBOOK
999 _c299268
_d299268